00869nam a2200217Ia 4500008004100000020001800041082001800059100002000077245005600097300002800153490005100181500002700232600017300259650004700432264003400479336002700513337003300540338002800573040003500601999001500636161108s9999 xx 000 0 und d a9789588900087 aCo868.44 G34a aGilard, Jacques aAsí leí a García Márquez /c Jacques Gilard a279 páginas ;c 24 cm aGarcía Márquez, Genio universal del Caribe aIncluye bibliografía aGarcia Marquez, Gabriel, 1928-2014 - Critica E Interpretacion / Garcia Marquez, Gabriel, 1928-2014 - Homenajes Postumos / Garcia Marquez, Gabriel, 1928-2014 - Anecdotas aLiteratura Colombiana - Historia Y Critica aBogotá :b Collage Editores atextobtxt2rdacontent asin mediaciónbn2rdamedia avolumenbnc2rdacarrier aCO-BoRNBPbspaerdacCO-BoRNBP c7446d7446